Quizzes
Events
Quiz Creation
Community
Videos
Private Events
Remove Ads
Sign In
Join for FREE
Feedback
Dark Mode
Quiz Categories
Sports
Geography
Music
Movies
Television
Just For Fun
Miscellaneous
History
Literature
Language
Science
Gaming
Entertainment
Religion
Holiday
For Kids
Quiz Lab
Recent
Popular Today
Quiz Kudos Today
Editor Picks
Curator Picks
Quizzes by...
Day
Popularity
Type
Ratings
Length
Year
Community
Subscriptions
Recent Discussions
Orange Saloon
Badges
Playlists
Quests
Create
Leaderboards
Showdown
Live 5
Trivia Bingo
Activity
Puzzle Library
Sporcle Events
Private Events
Virtual Trivia
Globe League
Become a Host
Pub Owners
SporcleCon
Opinionation
Our Games
Videos
Blog
Mobile Apps
Partnerships
Remove Ads and Go Orange
Feedback
Language
Vocabulary
Begins and Ends
Definition
Spanish
French
German
Italian
Chinese
Latin
Translation
Japanese
Language
Vocabulary
Begins and Ends
Definition
Spanish
French
German
Italian
Chinese
Latin
Translation
Japanese
Random Quiz
Search Sporcle
×
Quiz Lab
Quiz Lab
Language
Latin
Type in answers that appear in a list
Type in answers that appear in a list
Classic
Best Score? Go Orange.
Latin 4th and 5th declension noun forms Stats
Can you name the Latin 4th and 5th declension noun forms?
By
psh3
6m
40 Questions
1,956 Plays
1,956 Plays
1,956 Plays
Comments
Comments
Give Quiz Kudos
Give Quiz Kudos
-
- Ratings
hide this ad
Forced Order
Answers have to be entered in order
Answers have to be entered in order
Replay
Link that replays current quiz
Next Quiz
Link to next quiz in quiz playlist
You Got
0%
They Got
Avg Score
80%
Avg Friend Score
Upgrade to see
Score Distribution
Jump to the score distribution portion of the page
Score
0/40
Timer
06:00
0
Plays Today
% Correct
manus
97.5%
manūs
95.1%
manuī
92%
manum
91.5%
manū
91.5%
manūs
90.3%
manuum
87.5%
manibus
86.8%
manūs
86.6%
manibus
86.5%
cornū
85.7%
cornūs
84.2%
cornū
84%
cornū
84%
cornū
83.7%
diēs
82%
diēī
78.3%
diem
77.9%
diē
77.8%
cornibus
77.7%
% Correct
diēī
77.6%
cornuum
77.4%
diēs
77.4%
cornibus
77.1%
cornua
75.4%
rēs
75%
diēbus
74.7%
diēs
74.5%
diēbus
74.2%
cornua
73.9%
reī
73.9%
reī
73.6%
diērum
73.3%
rē
73%
rem
72.8%
rēs
72.5%
rēbus
71.4%
rēs
71.3%
rēbus
71.2%
rērum
70.7%
Quiz Playlist
Details
Report
Send in Message
Add To Playlist
Classic:
Type in answers that appear in a list
Forced Order:
Answers have to be entered in order
Last Updated: Feb 16, 2017
Quiz Scoreboard
CHALLENGE
Sign Up to Join the Scoreboard
Show All
Scores
Hide
Comments
May contain spoilers
Recently Published
TV Characters by Other Roles V
by ghcgh
Television
5m
Decade Duel: World Leaders
by jenniferyan
History
4m
Alphabetical 'K' Countries by Flag Minefield
by ylime102
Geography
3m
More to Explore
Quiz From the Vault
Featured Blog Post
15 Basketball Trivia Facts You Can Be March Mad About
hide this ad
You Might Also Like...
Tags
Latin Quiz
4th
5th
declension
form
noun
Today's Top Quizzes in Language
Browse Language
hide this ad
Today's Top Quizzes in Latin
Browse Latin
Top Contributed Quizzes in Language
1
Spring or Fall
2
Spanish Seasons
3
UNIT 1 Quiz A
4
Seasonal Rhymes
5
Multilingual Seasons
6
Einsilbige Reime auf Chips
7
Forms of Gustar
8
Name the 4 Seasons in English
9
Spring or Fall?
10
Quick Pick: Seasons in Esperanto
Explore More
Trending Topics
Kpop
Anime
Marvel
NBA
Disney
Harry Potter
Crossword
Puzzle
Song
WWE
Soccer
Pokémon
NFL
The Office
Country
hide this ad
More By:
psh3
Quiz
Plays
Rating
Category
Featured
Created
French Subjunctive Verb Forms
8,889
3.89
Language
Feb 23, 2011
Latin 4th and 5th declension noun forms
1,956
4.00
Language
Mar 27, 2011
French 1 Passé Composé Forms
1,046
Language
Apr 30, 2011
Les Jeux sont faits Vocabulary pp. 1-4
683
Language
Feb 19, 2011
Les Jeux sont faits Vocabulary pp. 5-10
670
5.00
Language
Feb 19, 2011
Go to Creator's Profile
Score Distribution
Quiz Creator Spotlight
psh3
Follow
Send a Message
Quizzes Created
-
Created Quiz Play Count
-
More By This Creator
Popular Quizzes Today
1
Countries of Asia Without Outlines Minefield
2
Find the US States - No Outlines Minefield
3
Pick 6: Fruits
4
The Countries of the World
5
Find the Countries of Europe - No Outlines Minefield
6
Alphabetical 'K' Countries by Flag Minefield
7
US States
8
Find the US States
More Language Quizzes
Thesaurus Jumbled
Published
Trending Quizzes
Pick 6: Mountains
Pick 6: Harry Potter
Pick 6: Flags
Pick 6: NFL Teams
C Names for Actors
Recently Updated
Adaptations: Name the Title
pecheneg
NWSL Teams
pecheneg
Women's Final Four Teams by Year
bhenderson79
Presidents Quartet II
eogle
Anything But Clue(do)
eogle
Anything But Oceanian Capitals
eogle
Anything But 7
eogle
Anything But Thing
eogle
Word Ladder: February 29
pecheneg
Song Title Questions
pecheneg
Trending Topics
Disney
Harry Potter
Anime
NBA
Marvel
Crossword
Kpop
Puzzle
NFL
WWE
Pokémon
The Office
Song
Soccer
Country
Your Account Isn't Verified!
In order to create a playlist on Sporcle, you need to verify the email address you used during registration. Go to your
Sporcle Settings
to finish the process.
Report this User
Report this user for behavior that violates our
Community Guidelines
.
Details:
Send Report
Go to the Sporcle.com Mobile Site →
Comments